000 01344nam a2200361 c 4500
003 BLK
005 20180420234920.0
008 180410b bul|||||r ||||||| ||bul||
010 _aKNG00172609000
040 _aBLK
041 _aBUL
_cBUL
080 _aДруги домашни птици - Пуйки, фазани, гълъби и др.
_b636.59
_x(02)
_z636.59(02)
100 1 _aГрудев, Никола
_eпърви автор
_9336586
139 _aГрудев, Никола
_bГ 88
245 1 0 _aКанарчета
_bРъководство
_cНикола Грудев.
257 _aBGR
260 София
_bЗемиздат
_c1987
300 _a199 с.
_bс табл., ил., 4 л. цв. ил.
_c20 см
380 _a63
490 1 _aПоредица Любител
500 _aБиблиогр. с. 194-195.
650 4 _aПтици, декоративни - отглеждане и болести
_9253612
650 4 _aПтици, пойни - наръчници и ръководства
_9279963
653 _aдекоративни птици
653 _aпойни птици
653 _aканарчета
653 _aръководства
852 _aЦб 147214
856 4 _qpdf
_u
856 4 _qpdf
_u
942 _cKNG
_n0
944 _aCR
_c07.03.2015
_kМилена_Ачева
944 _aED
_c07.03.2015
_kМилена_Ачева
999 _c165039
_d165039